00304nam a2200085 a 450000500170000000800410001705000200005810000270007824501130010520140408090006.0021022s19uu xx 00 eng d aPGS '98bBAR #4 aBartholomew, Elizabeth aA Survey of the college preferences of the 1997-98 fourth year students of Southville International School.